NLSUI OPAC header image

A beacon across Asia : A biography of Subhas Chandra Bose (Record no. 14467)

MARC details
000 -LEADER
fixed length control field 00450nam a2200157Ia 4500
008 - FIXED-LENGTH DATA ELEMENTS--GENERAL INFORMATION
fixed length control field 160316s1996 xxu||||| |||| 00| 0 eng d
082 ## - DEWEY DECIMAL CLASSIFICATION NUMBER
Classification number 923.200000
Item number BOS
100 ## - MAIN ENTRY--PERSONAL NAME
Personal name Bose Sisir K
245 ## - TITLE STATEMENT
Title A beacon across Asia : A biography of Subhas Chandra Bose
250 ## - EDITION STATEMENT
Edition statement
260 ## - PUBLICATION, DISTRIBUTION, ETC.
Place of publication, distribution, etc. Hyderabad
Name of publisher, distributor, etc. Orient Longman
Date of publication, distribution, etc. 1996
300 ## - PHYSICAL DESCRIPTION
Extent 284p
Other physical details
Dimensions x
365 ## - TRADE PRICE
Price amount Rs.360
650 ## - SUBJECT ADDED ENTRY--TOPICAL TERM
Topical term or geographic name entry element 1. Biography - Subash Chandra Bose
700 ## - ADDED ENTRY--PERSONAL NAME
Personal name Werth Alexander
-- Ayer S A
Holdings
Withdrawn status Lost status Damaged status Not for loan Home library Current library Shelving location Date acquired Cost, normal purchase price Total Checkouts Full call number Barcode Date last seen Price effective from Koha item type
        . .   30.05.2017 360.00   923.2 BOS 14672 30.05.2017 30.05.2017 BOOKs